[Event "Bayernliga U20 1112"]
[Site "Bayern"]
[Date "2012.03.10"]
[Round "6.4"]
[White "Rahman, Ronny"]
[Black "Karl, Christian"]
[Result "1-0"]
[WhiteElo "1672"]
[BlackElo "1619"]
[PlyCount "109"]
[EventDate "2011.11.12"]
[EventType "team-swiss"]
[EventRounds "7"]
[EventCountry "GER"]
[SourceTitle "EXT 2022"]
[Source "ChessBase"]
[SourceDate "2021.10.06"]
[SourceVersion "1"]
[SourceVersionDate "2021.10.06"]
[SourceQuality "1"]
[WhiteTeam "Ergolding FC U20"]
[BlackTeam "Kelheim SK U20"]
[WhiteTeamCountry "GER"]
[BlackTeamCountry "GER"]

1. d4 d5 2. Nf3 Nf6 3. e3 e6 4. Bd3 Be7 5. 0-0 0-0 6. Nbd2 Nbd7 7. e4 Re8 8. e5 Ng4 9. h3 Nh6 10. Nb3 Nf5 11. g3 g6 12. Bxf5 exf5 13. Bh6 Bf8 14. Qd2 Bg7 15. Rfe1 Nf8 16. Bg5 Qd7 17. Qf4 Ne6 18. Qe3 Nxg5 19. Nxg5 b6 20. f4 h6 21. Nf3 Bb7 22. h4 Re6 23. h5 Rae8 24. Nh4 Kh7 25. hxg6+ fxg6 26. Qd3 Rf8 27. Kf2 a6 28. Rh1 Qc8 29. Nf3 Kg8 30. c3 Bc6 31. Rag1 Bb5 32. Qc2 Qd7 33. Rh4 Qe7 34. g4 fxg4 35. Rhxg4 Be8 36. Ke3 Qf7 37. f5 Qxf5 38. Qxf5 Rxf5 39. Nh4 Rh5 40. Nxg6 Bxg6 41. Rxg6 Rxg6 42. Rxg6 Rf5 43. Rc6 Rf7 44. Nd2 Kh7 45. Nf3 Kg8 46. c4 dxc4 47. Rxc4 Kf8 48. d5 Re7 49. Ke4 h5 50. e6 Bxb2 51. Ne5 Bxe5 52. Kxe5 Kg7 53. d6 cxd6+ 54. Kxd6 Re8 55. Kd7 1-0